Promover a saúde da juventude europeia (Registo nº 739)

Detalhes MARC
000 -Etiqueta do registo
Cabeçalho 00886nam0a22003131 4500
005 - Identificador da versão
Campo de controlo 20240813121811.0
010 ## - Número internacional normalizado dos livros (ISBN)
Número (ISBN) 9729425507
021 ## - Número do Depósito Legal
Código do país PT
Número 128 154/98
035 ## - Other System Control Numbers
System Control Number 0000809
System Control Number 0000804
System Control Number 0000797
System Control Number 0000785
100 ## - Dados gerais de processamento
Dados gerais de processamento 20071026d19992001a e0pory5003 ba
102 ## - Pais de publicação ou produção
País de publicação Portugal
101 1# - Língua de publicação
Língua do texto, banda sonora, etc. Português
Língua do documento no original Inglês
106 ## - Campo de dados codificados: material textual
Dados codificados do material textual r
105 ## - Campo de dados codificados: livros
Dados codificados dos livros a z 001yy
215 ## - Descrição física 
Indicação específica da natureza do documento e extensão da espécie 230 p.
Outras indicações físicas il.
Dimensões cm
200 1# - Titulo e menção de responsabilidade
Título próprio Promover a saúde da juventude europeia
Título paralelo Educação para a saúde nas escolas
Informação de outro título Manual de Formação para Professores e outros Profissionais que trabalham com jovens
Primeira menção de responsabilidade Ian Young
Outras menções de responsabilidade Trad. Lígia Guterres
205 ## - Menção da edição
Menção da edição 1ª ed
210 ## - Publicação, Distribuição, etc. 
Lugar da edição, distribuição, etc. Lisboa
Nome do editor, distribuidor, etc. Editorial do ME
Data da publicação, distribuição, etc. 2001
675 ## - Classificação Decimal Universal (CDU)
Notação 612.8
Língua da edição por
702 #1 - Nome de autor-pessoa física (responsabilidade secundária)
Número de registo de entrada de autoridade 0001021
Código de função Tradutor
701 #1 - Nome de autor-pessoa física (co-responsabilidade principal)
Código de função Tradutor
700 #1 - Nome de autor-pessoa física (responsabilidade principal)
Número de registo de entrada de autoridade 0001019
Palavra de ordem Young
942 ## - Elementos de entrada adicionados (Koha)
Tipo de item no Koha Livro
Exemplares
Situação do levantamento Origin of item (home branch) (coded) Biblioteca de empréstimo Código de barras Circulation type (not for loan) Tipo de documento Nota do exemplar Damaged status
  Biblioteca Escolar Eng. Nuno Mergulhão Biblioteca Escolar Eng. Nuno Mergulhão BENM1268   Livro Sem mensagem